000 01212nam a2200277 a 4500
001 19074
003 UkOxU
005 20211209000359.0
008 140223r19521949enk 000 0 eng d
035 _aBD-RjUL)19132
035 _a(CStRLIN)MIUGAFV1701-B
040 _cSAZTEC
_dCStRLIN
_aBD-RjUL
_beng
041 _aeng
082 0 4 _a820.9
_bMOW 1952
100 1 _aMontague, C. E.
_q(Charles Edward),
_d1867-1928.
_945096
245 1 2 _aA writer's notes on his trade /
_cby C. E. Montague
260 _aLondon :
_bPenguin Books in association with Chatto & Windus,
_c1949. [Reprinted 1952]
300 _a192 p. ;
_c19 cm.
500 _aPrefatory note signed: "M. Montague"
500 _aPrinted in Great Britain.
505 1 _aWords, words, words.--A living language.--Quotation.--"Sez 'e" or "Thinks 'e".--Three ways of saying things.--Only too clear.--Putting in and leaving out.--The literary play.--Too true to be good.--Matthew Arnold.--The critic as artist.--Easy reading, hard writing.--Doing without workmanship.--The blessing of Adam.--Delights of tragedy.--The last question of all.
650 0 _aAuthorship
_958801
830 0 _vA219
_958809
830 0 _aPelican book ;
_958810
942 _2ddc
_cBK
999 _c19074
_d19074